Cuadrángulo Ujina, región de Tarapacá
Guardat en:
| Autor principal: | |
|---|---|
| Format: | Llibre |
| Idioma: | espanyol |
| Publicat: |
Santiago
Instituto de Investigaciones Geológicas
1978
|
| Col·lecció: | Carta Geológica de Chile, 33
|
| Matèries: | |
| Etiquetes: |
Afegir etiqueta
Sense etiquetes, Sigues el primer a etiquetar aquest registre!
|
MARC
| LEADER | 00000nam a2200000 a 4500 | ||
|---|---|---|---|
| 001 | UCK1472 | ||
| 003 | CL-VaPUC | ||
| 008 | 041112e19780000CL |||||||||||||||||spa|d | ||
| 082 | 0 | 4 | |a 558.3 |b VER |2 21 |
| 100 | 0 | |a Vergara L., Hernán |e author |9 489362 | |
| 245 | 1 | 0 | |a Cuadrángulo Ujina, región de Tarapacá |
| 300 | |a 63 p | ||
| 942 | |c BK | ||
| 945 | |d 20041112 00:00:00 |a cmena | ||
| 260 | |a Santiago |b Instituto de Investigaciones Geológicas |c 1978 | ||
| 500 | |a Escala: 1:50.000 | ||
| 500 | |a Incluye 1 mapa | ||
| 650 | 7 | |a MAPAS GEOLOGICOS |2 CL-VaPUC |9 362393 | |
| 650 | 0 | |a Recursos naturales |9 255232 | |
| 650 | 7 | |a RECURSOS MINERALES |2 CL-VaPUC |9 351120 | |
| 651 | 7 | |a REGION 02 |2 CL-VaPUC |9 489363 | |
| 651 | 7 | |a TARAPACA |2 CL-VaPUC |9 268304 | |
| 583 | |a last modification |c 20041112 00:00:00 |k Rodrigo Vera | ||
| 490 | 0 | |a Carta Geológica de Chile, 33 | |
| 999 | |c 311441 |d 311439 | ||
| 952 | |0 0 |1 0 |4 0 |6 558_300000000000000_VER_1978 |7 0 |8 F |9 380824 |a BIBING |b BIBING |d 2019-11-21 |i 4041046 |o 558.3 VER 1978 |p 4041046 |r 2025-01-20 |w 2019-11-21 |y BK_F |k GEO | ||